[Event "SVK-chT3A2 1819"]
[Site "Slovakia"]
[Date "2019.03.24"]
[Round "11.6"]
[White "Rachela, Robert"]
[Black "Kanka, Tomas"]
[Result "0-1"]
[WhiteElo "1907"]
[BlackElo "1720"]
[PlyCount "71"]
[EventDate "2018.10.07"]
[EventType "team-tourn"]
[EventRounds "11"]
[EventCountry "SVK"]
[SourceTitle "EXT 2020"]
[Source "ChessBase"]
[SourceDate "2019.10.17"]
[SourceVersion "1"]
[SourceVersionDate "2019.10.17"]
[SourceQuality "1"]
[WhiteTeam "Dunajska Streda II"]
[BlackTeam "Gbely Nafta II"]
[WhiteTeamCountry "SVK"]
[BlackTeamCountry "SVK"]

1. e4 c5 2. f4 e5 3. Nf3 exf4 4. Bc4 Be7 5. 0-0 Nh6 6. d3 g5 7. Nc3 Nc6 8. Nd5 Rg8 9. Ne1 d6 10. Qh5 Rg6 11. Qd1 Be6 12. c3 Qd7 13. Bd2 Bxd5 14. Bxd5 Bf6 15. Qb3 Ng4 16. Rf3 Nge5 17. Rf1 Ke7 18. a4 Rag8 19. a5 a6 20. Ra4 Rh6 21. d4 cxd4 22. cxd4 Ng4 23. h3 Bxd4+ 24. Rxd4 Nxd4 25. Qc4 Nc6 26. hxg4 Ne5 27. Qb3 Rb8 28. Bc3 Qc7 29. Bxe5 Qc5+ 30. Rf2 dxe5 31. Nd3 Qxa5 32. Qa3+ Qxa3 33. bxa3 f6 34. Bc4 Kd6 35. Nb4 Rh4 36. Rb2 0-1

[Event "SVK-chT3A2 1819"]
[Site "Slovakia"]
[Date "2019.01.27"]
[Round "7.5"]
[White "Rachela, Robert"]
[Black "Chabada, Tomas"]
[Result "0-1"]
[WhiteElo "1907"]
[BlackElo "1982"]
[PlyCount "70"]
[EventDate "2018.10.07"]
[EventType "team-tourn"]
[EventRounds "11"]
[EventCountry "SVK"]
[SourceTitle "EXT 2020"]
[Source "ChessBase"]
[SourceDate "2019.10.17"]
[SourceVersion "1"]
[SourceVersionDate "2019.10.17"]
[SourceQuality "1"]
[WhiteTeam "Dunajska Streda II"]
[BlackTeam "Holic"]
[WhiteTeamCountry "SVK"]
[BlackTeamCountry "SVK"]

1. e4 e5 2. Nf3 Nc6 3. Bb5 a6 4. Ba4 Nf6 5. 0-0 Be7 6. Re1 b5 7. Bb3 d6 8. h3 Na5 9. c3 Nxb3 10. Qxb3 0-0 11. d3 Be6 12. Qd1 Nd7 13. Nbd2 Nc5 14. Nf1 f5 15. exf5 Bxf5 16. d4 Nd3 17. Re2 e4 18. Ne1 Nxc1 19. Rxc1 d5 20. Nc2 Bd6 21. Nce3 Be6 22. Ng3 Qg5 23. Nef1 Bf4 24. Rcc2 h5 25. Qe1 h4 26. Nh1 Bxh3 27. g3 Bxf1 28. Qxf1 hxg3 29. Qg2 gxf2+ 30. Nxf2 Qxg2+ 31. Kxg2 Rf6 32. Ng4 Rg6 33. Kh3 Kf7 34. Ne5+ Bxe5 35. Rf2+ Ke6 0-1

[Event "SVK-chT3A2 1819"]
[Site "Slovakia"]
[Date "2018.12.09"]
[Round "5.4"]
[White "Rachela, Robert"]
[Black "Vepy, Ivan"]
[Result "0-1"]
[WhiteElo "1907"]
[BlackElo "1865"]
[PlyCount "60"]
[EventDate "2018.10.07"]
[EventType "team-tourn"]
[EventRounds "11"]
[EventCountry "SVK"]
[SourceTitle "EXT 2020"]
[Source "ChessBase"]
[SourceDate "2019.10.17"]
[SourceVersion "1"]
[SourceVersionDate "2019.10.17"]
[SourceQuality "1"]
[WhiteTeam "Dunajska Streda II"]
[BlackTeam "Skalica II"]
[WhiteTeamCountry "SVK"]
[BlackTeamCountry "SVK"]

1. e4 e5 2. Nf3 Nc6 3. Bb5 a6 4. Ba4 b5 5. Bb3 Be7 6. 0-0 Nf6 7. d3 d6 8. h3 Na5 9. Re1 Nxb3 10. axb3 0-0 11. Nbd2 c5 12. Nf1 h6 13. Ng3 Nh7 14. Be3 Ng5 15. Nf5 Kh7 16. Nxe7 Nxf3+ 17. Qxf3 Qxe7 18. Ra5 Bb7 19. Qf5+ g6 20. Qg4 f5 21. exf5 gxf5 22. Qh5 Qg7 23. f3 Rf6 24. Kh2 Rg8 25. Rg1 Qg3+ 26. Kh1 f4 27. Bxc5 dxc5 28. Raa1 Rg5 29. Qe8 Bxf3 30. Qe7+ Rg7 0-1

[Event "SVK-chT1W 0102"]
[Site "Slovakia"]
[Date "2002.??.??"]
[Round "8"]
[White "Rachela, Robert"]
[Black "Sokol, Eduard"]
[Result "1-0"]
[WhiteElo "1725"]
[BlackElo "1700"]
[PlyCount "67"]
[EventDate "2001.10.??"]
[EventType "team"]
[EventRounds "11"]
[EventCountry "SVK"]
[SourceTitle "EXT 2009"]
[Source "ChessBase"]
[SourceDate "2008.11.26"]
[SourceVersion "1"]
[SourceVersionDate "2008.11.26"]
[SourceQuality "1"]

1. e4 c5 2. c3 e6 3. d4 d5 4. e5 Qb6 5. f4 Nc6 6. Nf3 cxd4 7. cxd4 Bb4+ 8. Nc3 Nge7 9. a3 Bxc3+ 10. bxc3 Bd7 11. Bd3 Na5 12. 0-0 Rc8 13. Rb1 Qc7 14. Bd2 b6 15. Qc2 g6 16. Ba6 Rb8 17. a4 Bc6 18. Bc1 Qd7 19. Rb4 0-0 20. g4 Bb7 21. Bd3 Qc8 22. Ba3 Nac6 23. Rb2 Ba6 24. Bd6 Bxd3 25. Qxd3 Ra8 26. Nh4 Rd8 27. f5 Qd7 28. f6 Nc8 29. Qe3 Nxd6 30. Qh6 Ne8 31. Rf3 Nxd4 32. Rh3 Qxa4 33. Qxh7+ Kxh7 34. Nf5+ 1-0